| 000 | 00000nam##2200000za#4500 |
| 001 | 9.693990 |
| 003 | CaOODSP |
| 005 | 20210624233919 |
| 007 | cr ||||||||||| |
| 008 | 150407|1999||||xxc|||||o f|0| 0 eng|d |
| 040 | |aCaOODSP|beng |
| 043 | |an-cn--- |
| 086 | 1 |aC105-1/1-1999E-PDF |
| 245 | 10|aCRC business plan 1999-2000 |h[electronic resource] |
| 260 | |bIndustry Canada. |cc1999. |
| 300 | |a20p.|btable |
| 500 | |aThe catalogue number (C105-1/1-1999) and ISBN (0-662-64337-2) for the bilingual print edition have been incorrectly copied in this electronic publication. |
| 590 | |a12-25-Supp|b2012-06-04 |
| 690 | 07|aResearch and development|2gcpds |
| 690 | 07|aTelecommunications|2gcpds |
| 775 | 08|tPlan d'affaires du CRC pour l'exercice financier 1999-2000 |w(CaOODSP)9.638174 |
| 776 | 0#|tCRC business plan 1999-2000 |w(CaOODSP)9.661119 |
| 776 | 0#|tPlan d'affaires du CRC, 1999-2000 |w(CaOODSP)9.661120 |
| 856 | 40|ahttp://publications.gc.ca|qPDF|s134 KB|uhttps://publications.gc.ca/collections/Collection/C105-1-1-1999E.pdf |